Hoofdsteden van provincies - Statistieken

Algemene statistieken
  • Deze quiz is 20 keer genomen
  • De gemiddelde score is 11 van 12
Antwoordstatistieken
Hint Antwoord % Correct
Gelderland Arnhem
94%
Drenthe Assen
94%
Groningen Groningen
94%
Friesland Leeuwarden
94%
Flevoland Lelystad
94%
Limburg Maastricht
94%
Noord-Brabant Den Bosch
89%
Utrecht Utrecht
89%
Overijssel Zwolle
89%
Zuid-Holland Den Haag
83%
Noord-Holland Haarlem
83%
Zeeland Middelburg
83%
Geen overeenkomende quizzen gevonden
Scoreverdeling
Procent van Mensen met Elke Score
Percentiel versus Aantal Correcte Antwoorden
Uw Scoregeschiedenis
U heeft deze quiz nog niet genomen